Personalizovaná trasa

Saved in:
Bibliographic Details
Main Author: Surkov, Maksym (Author)
Other Authors: Čavojský, Maroš (Thesis advisor)
Format: Manuscript Book
Language:Slovak
Published: Bratislava : STU v Bratislave FEI, 2025
Subjects:
Online Access:https://opac.crzp.sk/?fn=detailBiblioFormChildAAJ5QS&sid=BA75C2D62745AD5727EA979ED92F&seo=CRZP-detail-kniha
Tags: Add Tag
No Tags, Be the first to tag this record!

MARC

LEADER 00000ntm a22000003a 4500
001 stuzp103070
003 SK-STU
005 20260127131142.6
007 ta
008 150427s2015----xo-----f-mn---000-0-slo-d
040 |a STU  |b slo 
041 0 |a slo 
044 |a xo 
100 1 |a Surkov, Maksym  |u 035000  |4 aut  |U FEI Fakulta elektrotechniky a informatiky  |T FEI Ústav informatiky a matematiky  |X 120482  |U E050  |Y 816  |7 120482 
242 0 1 |a Personalized route  |y eng 
245 1 0 |a Personalizovaná trasa 
260 |a Bratislava :  |b STU v Bratislave FEI,  |c 2025 
300 |a 55 s. 
650 4 |a algoritmus  |2 slo 
650 4 |a GraphHopper  |2 slo 
650 4 |a personalizované odporúčanie trás  |2 slo 
650 4 |a GraphHopper  |2 eng 
650 4 |a personalized route recommendation  |2 eng 
650 4 |a algorithm  |2 eng 
700 1 |a Čavojský, Maroš  |u 035000  |k Z1  |4 ths  |U FEI Fakulta elektrotechniky a informatiky  |T FEI Ústav informatiky a matematiky  |X 64790  |U E050  |Y 816  |7 A000064790 
856 4 |u https://opac.crzp.sk/?fn=detailBiblioFormChildAAJ5QS&sid=BA75C2D62745AD5727EA979ED92F&seo=CRZP-detail-kniha